Régions ayant le plus voté pour le Parti Socialiste (2022) - Statistiques

Statistiques générales
  • Ce quiz a été pris 36 fois
  • Le résultat moyen est 9 sur 17
Statistiques - réponses
Score Région % Correct
3,20% Martinique
85%
2,33% Occitanie
80%
2,26% Nouvelle-Aquitaine
70%
2,21% Bretagne
60%
1,08% Corse
50%
1,34% Hauts-de-France
50%
1,83% Auvergne Rhône-Alpes
45%
1,43% Grand Est
45%
1,68% Guadeloupe
45%
1,60% La Réunion
45%
2,03% Pays de la Loire
45%
1,11% Provence-Alpes-Côte-d'Azur
45%
1,72% Centre-Val-de-Loire
40%
1,49% Guyane
40%
1,43% Île-de-France
40%
1,70% Normandie
40%
1,77% Bourgogne Franche-Comté
35%
Aucun quiz correspondant
Distribution des résultats
% des personnes avec chaque résultat
Percentile par nombre de réponses
Votre historique - résultats
Vous n’avez pas pris ce quiz